000 00652nam a22002057a 4500
999 _c8855
_d8855
003 AR-CdUCM
008 190326b ||||| |||| 00| 0 spa d
040 _aMUNICIPALIDAD PROVINCIAL DEL CUSCO
_cBIBLIOTECA MUNICIPAL DEL CUSCO
082 _a869.634 /
_bB89
100 _aBuitrago, Mauricio Rafael
_924655
245 _aEl Barco Ilusorio /
260 _aColombia :
_bTIPOGRAFIA GOENAGA LTDA. ,
_c1959.
300 _a116 páginas ;
_c23.8 cm.
500 _aContiene dedicatoria a Luis Nieto.
650 _aPoesia Colombiana
_910191
650 _aPoesia Latinoamericana
_92147
650 _aPoesia Moderna
_924656
942 _2ddc
_cLIBROS
945 _artm